| 000 | 00808cam a22002411i 4500 | ||
|---|---|---|---|
| 001 | c 66000700 | ||
| 003 | DLC | ||
| 005 | 20260227111035.0 | ||
| 008 | 980720s1964 ch 000 0 chi | ||
| 010 | _ac 66000700 | ||
| 035 | _a(CStRLIN)DCLP98-B10358 | ||
| 040 |
_aDLC _cDLC _dDLC-R _dCStRLIN _dDLC |
||
| 050 | 0 | 0 |
_aPL2264 _b.H8 1964 |
| 066 | _c$1 | ||
| 100 | 1 |
_6880-01 _aHu, Shi, _d1891-1962. |
|
| 245 | 1 | 0 |
_6880-02 _aBai hua wen xue shi / _cHu Shi zhu. |
| 260 |
_6880-03 _aTaibei : _bWen guang tu shu gong si, _cMin guo 53 [1964] |
||
| 300 |
_a12, 13, 5, 336 p. ; _c21 cm. |
||
| 650 | 0 |
_aChinese literature _xHistory and criticism. |
|
| 880 | 1 |
_6100-01/$1 _a胡適, _d1891-1962. |
|
| 880 | 1 | 0 |
_6245-02/$1 _a白話文學史 / _c胡適著. |
| 880 |
_6260-03/$1 _a台北 : _b文光圖書公司, _c民國53 [1964] |
||
| 999 |
_c12877 _d12877 |
||